Disney Movies Of The 1960's - Statistics

General Stats
  • This quiz has been taken 27 times
  • The average score is 18 of 52
Answer Stats
Year Movie % Correct
1967 The Jungle Book
78%
1964 Mary Poppins
72%
1961 One Hundred And One Dalmatians
72%
1963 The Sword In The Stone
67%
1961 The Parent Trap
61%
1960 Swiss Family Robinson
50%
1960 Pollyanna
44%
1961 The Absent-Minded Professor
44%
1969 The Computer Who Wore Tennis Shoes
44%
1968 The Love Bug
44%
1962 In Search Of The Castaways
39%
1965 That Darn Cat!
39%
1962 Almost Angels
33%
1961 Babes In Toyland
33%
1962 Big Red
33%
1968 Blackbeard's Ghost
33%
1967 Charlie, The Lonesome Cougar
33%
1964 Emil And The Detectives
33%
1966 Follow Me, Boys!
33%
1969 Rascal
33%
1969 Smith!
33%
1963 Son Of Flubber
33%
1965 The Monkey's Uncle
33%
1964 The Moon-Spinners
33%
1964 A Tiger Walks
28%
1962 Bon Voyage!
28%
1961 Greyfriars Bobby
28%
1960 Jungle Cat
28%
1960 Kidnapped
28%
1966 L.T. Robin Crusoe, U.S.N.
28%
1963 Miracle Of The White Stallions
28%
1967 Monkeys, Go Home!
28%
1962 Moon Pilot
28%
1968 Never A Dull Moment
28%
1961 Nikki: Wild Dog Of The North
28%
1963 Savage Sam
28%
1963 Summer Magic
28%
1960 Ten Who Dared
28%
1967 The Adventures Of Bullwhip Griffin
28%
1966 The Fighting Prince Of Donegal
28%
1967 The Gnome-Mobile
28%
1967 The Happiest Millionaire
28%
1968 The Horse In The Grey Flannel Suit
28%
1963 The Incredible Journey
28%
1962 The Legend Of Lobo
28%
1964 The Missadventures Of Merlin jones
28%
1968 The One And Only, Genuine, Original Family Band
28%
1960 The Sign Of Zorro
28%
1964 The Three Lives Of Thomasina
28%
1966 The Ugly Dachshund
28%
1964 Those Calloways
28%
1960 Toby Tyler Or 10 Weeks With A Circus
28%
No matching quizzes found
Score Distribution
Percent of People with Each Score
Percentile by Number Answered
Your Score History
You have not taken this quiz